Internet of Things: A Hands-on Approach (Record no. 67108)
[ view plain ]
| 000 -LEADER | |
|---|---|
| fixed length control field | 00411nam a22001577a 4500 |
| 003 - CONTROL NUMBER IDENTIFIER | |
| control field | OSt |
| 005 - DATE AND TIME OF LATEST TRANSACTION | |
| control field | 20260307101000.0 |
| 008 - FIXED-LENGTH DATA ELEMENTS--GENERAL INFORMATION | |
| fixed length control field | 260307b |||||||| |||| 00| 0 eng d |
| 020 ## - INTERNATIONAL STANDARD BOOK NUMBER | |
| International Standard Book Number | 9788173719547 |
| 040 ## - CATALOGING SOURCE | |
| Transcribing agency | IIMT University |
| 100 ## - MAIN ENTRY--PERSONAL NAME | |
| Personal name | Arshdeep Bahga and Vijay Madisetti |
| 245 ## - TITLE STATEMENT | |
| Title | Internet of Things: A Hands-on Approach |
| 260 ## - PUBLICATION, DISTRIBUTION, ETC. | |
| Place of publication, distribution, etc. | New Delhi |
| Name of publisher, distributor, etc. | University Press |
| 300 ## - PHYSICAL DESCRIPTION | |
| Extent | 520 |
| 942 ## - ADDED ENTRY ELEMENTS (KOHA) | |
| Source of classification or shelving scheme | |
| Koha item type | Book Bank |
| Withdrawn status | Lost status | Source of classification or shelving scheme | Damaged status | Not for loan | Home library | Current library | Date acquired | Source of acquisition | Cost, normal purchase price | Inventory number | Total Checkouts | Barcode | Date last seen | Price effective from | Koha item type |
|---|---|---|---|---|---|---|---|---|---|---|---|---|---|---|---|
| IIMT University Central Library Meerut | IIMT University Central Library Meerut | 03/07/2026 | R Lall | 1050.00 | DE/IN/374,05-03-2026 | 01-B-146637 | 03/07/2026 | 03/07/2026 | Book Bank | ||||||
| IIMT University Central Library Meerut | IIMT University Central Library Meerut | 03/07/2026 | R Lall | 1050.00 | DE/IN/374,05-03-2026 | 01-B-146638 | 03/07/2026 | 03/07/2026 | Book Bank | ||||||
| IIMT University Central Library Meerut | IIMT University Central Library Meerut | 03/07/2026 | R Lall | 1050.00 | DE/IN/374,05-03-2026 | 01-B-146639 | 03/07/2026 | 03/07/2026 | Book Bank | ||||||
| IIMT University Central Library Meerut | IIMT University Central Library Meerut | 03/07/2026 | R Lall | 1050.00 | DE/IN/374,05-03-2026 | 01-B-146640 | 03/07/2026 | 03/07/2026 | Book Bank | ||||||
| IIMT University Central Library Meerut | IIMT University Central Library Meerut | 03/07/2026 | R Lall | 1050.00 | DE/IN/374,05-03-2026 | 01-B-146641 | 03/07/2026 | 03/07/2026 | Book Bank | ||||||
| IIMT University Central Library Meerut | IIMT University Central Library Meerut | 03/07/2026 | R Lall | 1050.00 | DE/IN/374,05-03-2026 | 01-B-146642 | 03/07/2026 | 03/07/2026 | Book Bank | ||||||
| IIMT University Central Library Meerut | IIMT University Central Library Meerut | 03/07/2026 | R Lall | 1050.00 | DE/IN/374,05-03-2026 | 01-B-146643 | 03/07/2026 | 03/07/2026 | Book Bank | ||||||
| IIMT University Central Library Meerut | IIMT University Central Library Meerut | 03/07/2026 | R Lall | 1050.00 | DE/IN/374,05-03-2026 | 01-B-146644 | 03/07/2026 | 03/07/2026 | Book Bank | ||||||
| IIMT University Central Library Meerut | IIMT University Central Library Meerut | 03/07/2026 | R Lall | 1050.00 | DE/IN/374,05-03-2026 | 01-B-146645 | 03/07/2026 | 03/07/2026 | Book Bank | ||||||
| IIMT University Central Library Meerut | IIMT University Central Library Meerut | 03/07/2026 | R Lall | 1050.00 | DE/IN/374,05-03-2026 | 01-B-146646 | 03/07/2026 | 03/07/2026 | Book Bank |

